Catálogo
 En Linea
Vista normal Vista MARC

Entrada Nombre personal

Número de registros utilizados en: 1

001 - NÚMERO DE CONTROL

  • campo de control: 86943

003 - IDENTIFICADOR DEL NÚMERO DE CONTROL

  • campo de control: DO-SdBNP

005 - FECHA Y HORA DE LA ÚLTIMA TRANSACCIÓN

  • campo de control: 20250205101429.0

008 - DATOS DE LONGITUD FIJA

  • campo de control de longitud fija: 250205|| aca||aabn | a|a d

040 ## - FUENTE DE LA CATALOGACIÓN

  • Centro catalogador/agencia de origen: DO-SdBNP
  • Centro/agencia transcriptor: DO-SdBNP

100 ## - ENCABEZAMIENTO-NOMBRE DE PERSONA

  • Nombre de persona: Rondón
  • Subdivisión general: Familia
  • Subdivisión geográfica: República Dominicana

670 ## - FUENTE DE DATOS ENCONTRADOS

  • Cita de la fuente: Work cat.: (DO-SdBNP)36348: Vásquez Rondón, Ruddy A., 1933- 63213, Familia Rondón raíces y recuerdos /, 2011.

Con tecnología Koha